000 00755nam a2200253Ia 4500
003 OSt
005 20220927105705.0
006 a|||||r|||| 00| 0
007 ta
008 220926b |||||||| |||| 00| 0 eng d
024 _a201560
037 _cReference Collections
040 _aRTL
_cRTL
_beng
041 _2eng
_aeng
082 _a"UaN6, K6/RR"
100 _aMINTO C.S.
_9374217
245 0 _aHow to find out in geography
_b A guide to current books in english
260 _aLondon
_bPergamon press London
_c1966
300 _a97p.
_ccm.
490 _aRoutledge Studies in the History of Economics
500 _aBibliography: P 173-86
942 _h"UaN6, K6/RR"
_cCC
999 _c693919
_d693919